Statistics for Title in the Lyrics -- Nirvana

Click here to take the quiz!

General Stats

  • This quiz has been taken 957 times
  • The average score is 10 of 15

Answer Stats

LyricsTitle% Correct
____ __ ___ ___, as you were / As I want you to beCome as You Are
99%
She eyes me like a Pisces when I am weak / I've been locked inside your _____ ______ ___ for weeksHeart-Shaped Box
89%
_____ wants a cracker / I think I should get off her first / I think she wants some water / To put out the blow torchPolly
89%
What else should I be / ___ _________ / What else should I say / Everyone is gayAll Apologies
79%
The day is done / But I'm having fun / I think I'm ____ / Or maybe just happyDumb
76%
It's okay to eat fish / 'Cause they don't have any feelings / _________ __ ___ ___,mmm / _________ __ ___ ___, yeah, mmmSomething in the Way
75%
Even if you have / Even if you need / I don't mean to stare / We don't have to _____Breed
67%
Sit and drink __________ ___ / Distill the life that's inside of mePennyroyal Tea
67%
I love myself better than you / I know it's wrong so what should I do? / I'm __ _ _____ / I can't complain / I'm __ _ _____On a Plain
65%
It is now my duty to completely _____ ___ / I travel through a tube and end up in your infectionDrain You
62%
____ __ / ____ __ my friend / ____ __ / ____ __ againRape Me
62%
I'm a ________ _____ / I'm a ________ _____ / I'm a ________ _____ and I'm stoned!Negative Creep
54%
Please don't deceive me when I hurt you / Just ain't the way it seems / Can you feel my ____ ____? / Can you feel my ____ ____?Love Buzz
51%
She should have died when she was born / She should have worn the crown of thorns / She should have ____ _ ___ / She should have ____ _ ___Been a Son
48%
I have never felt so frail / I have never failed to feel / I have never felt to feel / I have never failed to fail / ___ ____ ______ _____ / ___ ____ ______ _____You Know You're Right
31%

Score Distribution

Percentile by Number Answered

Percent of People with Each Score

Your Score History

You have not taken this quiz